Größte Städte Skandinaviens - Statistiken

Allgemein
  • Dieses Quiz wurde 131 mal gespielt
    93 seit der letzten Aktualisierung
  • Das Durchschnittsergebnis liegt bei 9 aus 14
Antwortstatistiken
Einwohnerzahl Land Stadt % Korrekt
1.082.575 Norwegen Oslo
100%
1.767.108 Schweden Stockholm
99%
664.028 Finnland Helsinki
98%
653.664 Dänemark Kopenhagen
95%
325.069 Schweden Malmö
85%
655.429 Schweden Göteborg
78%
269.548 Norwegen Bergen
73%
196.948 Norwegen Trondheim
59%
197.900 Finnland Turku
49%
211.848 Finnland Oulu
47%
249.009 Finnland Tampere
44%
305.274 Finnland Espoo
30%
242.819 Finnland Vantaa
15%
290.598 Dänemark Aarhaus
12%
Keine übereinstimmenden Quizze gefunden
Verteilung der Resultate
Anzahl Personen mit jedem Resultat
Perzentil nach korrekt beantworteten Fragen
Ihre Resultats-Entwicklung
Sie haben dieses Quiz seit der letzten Aktualisierung nicht gespielt